Engineering Mechanics: (Record no. 7991)

MARC details
000 -LEADER
fixed length control field 00549nam a22002057a 4500
003 - CONTROL NUMBER IDENTIFIER
control field OSt
005 - DATE AND TIME OF LATEST TRANSACTION
control field 20220822095151.0
008 - FIXED-LENGTH DATA ELEMENTS--GENERAL INFORMATION
fixed length control field 220822b ||||| |||| 00| 0 eng d
020 ## - INTERNATIONAL STANDARD BOOK NUMBER
International Standard Book Number 9789350142929
040 ## - CATALOGING SOURCE
Transcribing agency DDC
082 ## - DEWEY DECIMAL CLASSIFICATION NUMBER
Classification number 620.1 KUM 2021
100 ## - MAIN ENTRY--PERSONAL NAME
Personal name Kumar, D. S
9 (RLIN) 16223
245 ## - TITLE STATEMENT
Title Engineering Mechanics:
Remainder of title Statics and Dynamics
250 ## - EDITION STATEMENT
Edition statement 5thed.
260 ## - PUBLICATION, DISTRIBUTION, ETC. (IMPRINT)
Place of publication, distribution, etc. Pakash Mahal;
Name of publisher, distributor, etc. S.K.Kataria and Sons;
Date of publication, distribution, etc. 2021,
300 ## - PHYSICAL DESCRIPTION
Extent 809p:
Other physical details ill;
Dimensions 25cm.
504 ## - BIBLIOGRAPHY, ETC. NOTE
Bibliography, etc Index included.
650 ## - SUBJECT ADDED ENTRY--TOPICAL TERM
Topical term or geographic name as entry element Engineering Mechanics
9 (RLIN) 12294
942 ## - ADDED ENTRY ELEMENTS (KOHA)
Source of classification or shelving scheme Dewey Decimal Classification
Koha item type Book
Holdings
Withdrawn status Lost status Source of classification or shelving scheme Damaged status Not for loan Home library Current library Date acquired Source of acquisition Inventory number Total Checkouts Full call number Barcode Date last seen Price effective from Koha item type
    Dewey Decimal Classification     MUST Main Library MUST Main Library 22/08/2022 Purchase 22/41906   620.1 KUM 2021 2022-7923 22/08/2022 22/08/2022 Book
    Dewey Decimal Classification     MUST Main Library MUST Main Library 22/08/2022 Purchase 22/41907   620.1 KUM 2021 2022-7924 22/08/2022 22/08/2022 Book